000
00327 a2200169 4500
001
186773
020
_a
85-7153-189-7
040
_c
Magnum
100
_a
Diogo, Andréa V.
240
1
0
_a
Linha
_l
por
245
1
0
_a
Linha
300
_a
16
362
0
_a
2005
440
1
_a
RHJ
697
_a
LITERATURA INFANTIL
942
_c
BK
999
_c
186773
_d
186773